| 000 | 01468nam a2200361 a 4500 | ||
|---|---|---|---|
| 001 | ebr10670667 | ||
| 003 | CaPaEBR | ||
| 006 | m u | ||
| 007 | cr cn||||||||| | ||
| 008 | 990816s2000 nyua sb 000 0 eng d | ||
| 010 | _z 99045893 | ||
| 020 | _z0820448524 (alk. paper) | ||
| 020 | _z9780820448527 | ||
| 020 | _z9781453910597 (e-book) | ||
| 040 |
_aCaPaEBR _cCaPaEBR |
||
| 035 | _a(OCoLC)654930746 | ||
| 050 | 1 | 4 |
_aP53.4 _b.N67 2000eb |
| 082 | 0 | 4 |
_a418/.0076 _223 |
| 100 | 1 |
_aNorth, Brian, _d1950- |
|
| 245 | 1 | 4 |
_aThe development of a common framework scale of language proficiency _h[electronic resource] / _cBrian North. |
| 260 |
_aNew York : _bPeter Lang, _cc2000. |
||
| 300 |
_axviii, 459 p. : _bill. |
||
| 490 | 1 |
_aTheoretical studies in second language acquisition, _x1051-6670 ; _vv. 8 |
|
| 504 | _aIncludes bibliographical references (p.[417]-459). | ||
| 533 |
_aElectronic reproduction. _bPalo Alto, Calif. : _cebrary, _d2013. _nAvailable via World Wide Web. _nAccess may be limited to ebrary affiliated libraries. |
||
| 650 | 0 |
_aLanguage and languages _xAbility testing. |
|
| 650 | 0 | _aScaling (Social sciences) | |
| 650 | 0 | _aCommunicative competence. | |
| 655 | 7 |
_aElectronic books. _2local |
|
| 710 | 2 | _aebrary, Inc. | |
| 830 | 0 |
_aTheoretical studies in second language acquisition ; _vv. 8. |
|
| 856 | 4 | 0 |
_uhttp://site.ebrary.com/lib/rucke/Doc?id=10670667 _zAn electronic book accessible through the World Wide Web; click to view |
| 999 |
_c61758 _d61758 |
||